000 00808nam a2200217Ii 4500
003 JO-AjNU
008 230605s9999||||xx |||||||||||||| ||und||
017 _a2004/11/2767
040 _aJO-AjNU
_bara
_erda
_cJO-AjNU
041 _aara
050 1 4 _aJC49.H393.2005
100 3 _aالهزايمة، محمد عوض,
_eauthor
_938565
245 0 0 _aاالفكر السياسي العربي الإسلامي :دراسة في الجانب الأيدولوجي(1)
250 _aط1
264 3 1 _aعمان :محمد عوض الهزايمة،2004
300 _a390ص
336 _atext
_btxt
_2rdacontent
337 _aunmediated
_bn
_2rdamedia
338 _avolume
_bnc
_2rdacarrier
650 4 _aالفلسفة الاسلامية - الفكر السياسي - تاريخ الاسلام والسياسة
_938566
999 _aA16213
_c19781
_d19781